000 01075nam a22002417a 4500
005 20110429165957.0
008 110429t xxu||||| |||| 00| 0 mar d
010 _aMAR-20793
020 _c150.00
_a9788174344687
035 _aMR-13451
037 _bDBAD / PUB
040 _aDPL
_bMR
082 _a294.5515
100 _aढवळीकर,केशव मधुकर
_927525
245 _aश्री गणेश :
_cमधुकर केशव ढवळीकर
_bआशियाचे आराध्य दैवत /
246 _aShri Ganesh : Asiache Araddhya Daivat
_bby Madhukar Keshav Dhavalikar
260 _aपुणे
_bराजहंस प्रकाशन
_c2009
270 _a1025,सदाशिव पेठ
_bपुणे
300 _a157पृ
_c21 सेमी (अजिल्द)
700 _927590
942 _2ddc
_cMR
_mढवळी
_h294.5515
999 _c52188
_d52188